[Event "FB21 1920 SC Rotation Pankow - SC Leipz"]
[Site "?"]
[Date "2020.02.16"]
[Round "7.4"]
[White "Mai, Iris"]
[Black "Herbrig, Marie-Helen"]
[Result "1-0"]
[WhiteElo "2033"]
[BlackElo "1864"]
[PlyCount "99"]
[EventDate "2020.??.??"]

1. d4 Nf6 2. c4 e6 3. Nc3 Bb4 4. Qc2 b6 5. a3 Bxc3+ 6. Qxc3 Ne4 7. Qh3 a5 8.
Qg4 Nf6 9. Qxg7 Rg8 10. Qh6 Rg6 11. Qe3 Bb7 12. f3 d6 13. Bd2 a4 14. Nh3 Qe7
15. Nf4 Rg8 16. Nd3 Nc6 17. Qf2 Ba6 18. Rc1 d5 19. Nb4 Nxb4 20. Bxb4 Qd7 21. c5
Bc4 22. cxb6 cxb6 23. e3 b5 24. Be2 Qc7 25. g4 O-O-O 26. Qg3 Qxg3+ 27. hxg3 Kd7
28. Rh3 Rg7 29. Kf2 Rc8 30. Bd1 Rh8 31. Bc2 h6 32. Rch1 Ng8 33. Bf8 Rg5 34.
Bxh6 Nxh6 35. Rxh6 Rxh6 36. Rxh6 Rg8 37. Rh7 Ke7 38. Ke1 Kf6 39. Kd2 Rc8 40.
g5+ Kxg5 41. Rxf7 Bb3 42. Bb1 Rh8 43. Rh7 Rc8 44. g4 Rf8 45. Rh5+ Kf6 46. f4
Rg8 47. g5+ Ke7 48. Rh7+ Kd6 49. g6 Bc4 50. Rf7 1-0

[Event "FB21 1920 SC Rotation Pankow - SC Leipz"]
[Site "?"]
[Date "2020.02.16"]
[Round "7.5"]
[White "Spangenberg, Pia"]
[Black "Heyme, Sibylle"]
[Result "1/2-1/2"]
[WhiteElo "1784"]
[BlackElo "2041"]
[PlyCount "41"]
[EventDate "2020.??.??"]

1. e4 d6 2. d4 Nf6 3. Nc3 g6 4. f4 Bg7 5. Nf3 c6 6. Bd3 O-O 7. O-O b5 8. Qe1
Nbd7 9. Qh4 b4 10. Ne2 Re8 11. e5 Nd5 12. f5 dxe5 13. fxg6 hxg6 14. Ng5 N5f6
15. Bc4 e6 16. Be3 c5 17. dxc5 Bb7 18. Bb5 Qc7 19. Rad1 Red8 20. Rxd7 Rxd7 21.
Bxd7 1/2-1/2

[Event "FB21 1920 SC Rotation Pankow - SC Leipz"]
[Site "?"]
[Date "2020.02.16"]
[Round "7.6"]
[White "Wolf, Sylvia"]
[Black "Kalkhof, Sandra"]
[Result "1-0"]
[WhiteElo "2025"]
[BlackElo "1874"]
[PlyCount "35"]
[EventDate "2020.??.??"]

1. e4 e5 2. d4 exd4 3. Qxd4 Nc6 4. Qe3 g6 5. Bd2 Bg7 6. Nc3 Nge7 7. O-O-O O-O
8. Bc4 d6 9. h4 Ne5 10. Bb3 h6 11. h5 gxh5 12. f4 Ng4 13. Qg3 Ng6 14. Rxh5 Qf6
15. f5 N6e5 16. Nf3 Kh7 17. Nxe5 Nxe5 18. Bg5 1-0

[Event "FB21 1920 USV TU Dresden - SG Leipzig"]
[Site "?"]
[Date "2020.02.16"]
[Round "7.1"]
[White "Halas, Julia"]
[Black "Dumkova, Daniela"]
[Result "0-1"]
[WhiteElo "2010"]
[BlackElo "1934"]
[PlyCount "84"]
[EventDate "2020.??.??"]

1. d4 Nf6 2. c4 b6 3. Nf3 Bb7 4. g3 e6 5. Bg2 d5 6. cxd5 Nxd5 7. O-O Be7 8. a3
Nd7 9. Qc2 c5 10. e4 N5f6 11. d5 exd5 12. exd5 Bxd5 13. Nc3 Bb7 14. Re1 O-O 15.
Bf4 Re8 16. Nb5 Nd5 17. Rad1 Nxf4 18. gxf4 Qc8 19. Rxe7 Rxe7 20. Nd6 Qc7 21.
Nxb7 Qxf4 22. Nd6 Nf6 23. Nf5 Rc7 24. Ne5 Re8 25. Nc6 g6 26. Ne3 Ng4 27. Nxg4
Qxg4 28. h3 Qf4 29. Qd3 Qf6 30. Qd5 Re2 31. Bf3 Rxb2 32. Ne5 Qh4 33. Ng4 h5 34.
Qe5 hxg4 35. Qxb2 gxf3 36. Qe5 Qe7 37. Qf4 Rd7 38. Rc1 Qe2 39. Qb8+ Kg7 40. Qf4
Rd1+ 41. Rxd1 Qxd1+ 42. Kh2 Qd5 0-1

[Event "FB21 1920 USV TU Dresden - SG Leipzig"]
[Site "?"]
[Date "2020.02.16"]
[Round "7.2"]
[White "Vavrinkova, Eliska"]
[Black "Beltz, Martina"]
[Result "1-0"]
[WhiteElo "1820"]
[BlackElo "1948"]
[PlyCount "77"]
[EventDate "2020.??.??"]

1. d4 d5 2. Nf3 e6 3. c4 c6 4. Nc3 f5 5. g3 Nf6 6. Bg2 Bd6 7. O-O O-O 8. Ne5
Bd7 9. a3 Be8 10. b4 Nbd7 11. f4 Bh5 12. Qd3 Ne4 13. Bf3 Ndf6 14. Rb1 Rc8 15.
a4 a6 16. Bd2 Qe7 17. c5 Bb8 18. b5 axb5 19. axb5 Nxc3 20. Bxc3 Bxf3 21. exf3
Nd7 22. bxc6 Nxe5 23. fxe5 Rxc6 24. Qb5 Rf7 25. Rb3 f4 26. Kg2 fxg3 27. hxg3
Qg5 28. Qd3 h5 29. Bd2 Qe7 30. Qg6 Rf5 31. Rh1 Bxe5 32. dxe5 Rxe5 33. Be3 Ra6
34. Qc2 Ra4 35. Qb2 Qf6 36. Bf4 Rf5 37. Rxb7 e5 38. Rb6 Qe7 39. Rb8+ 1-0

[Event "FB21 1920 USV TU Dresden - SG Leipzig"]
[Site "?"]
[Date "2020.02.16"]
[Round "7.4"]
[White "von Keyserlingk, Chanda"]
[Black "Lobe, Sandra"]
[Result "1/2-1/2"]
[WhiteElo "1734"]
[BlackElo "1787"]
[PlyCount "87"]
[EventDate "2020.??.??"]

1. d4 Nf6 2. c4 g6 3. Nc3 Bg7 4. e4 d6 5. f3 O-O 6. Be3 c6 7. Qd2 e5 8. d5 Qe7
9. g4 Nbd7 10. Nge2 a5 11. Ng3 Ne8 12. O-O-O Ndf6 13. h4 Qc7 14. Kb1 cxd5 15.
cxd5 a4 16. h5 Qe7 17. Bg5 Bd7 18. Be3 Bc8 19. g5 Nd7 20. Qh2 Bh8 21. Bh3 Nc5
22. Bxc8 Rxc8 23. f4 exf4 24. Bxf4 b5 25. hxg6 fxg6 26. Nce2 Nxe4 27. Nd4 Nxg3
28. Bxg3 Qe4+ 29. Nc2 Rf7 30. Rhe1 Qf5 31. Rf1 Qxf1 32. Rxf1 Rxf1+ 33. Ne1 Rf5
34. Qe2 Be5 35. Bh4 Rc5 36. Nd3 Rxd5 37. Nb4 Rd4 38. Be1 Rc4 39. Nd3 Ng7 40.
Qg2 Rd4 41. Kc2 Rf7 42. Qa8+ Rf8 43. Qb7 Nf5 44. Qd7 1/2-1/2

[Event "FB21 1920 USV TU Dresden - SG Leipzig"]
[Site "?"]
[Date "2020.02.16"]
[Round "7.5"]
[White "Just, Gabriele"]
[Black "Hartmann, Anne"]
[Result "1/2-1/2"]
[WhiteElo "1847"]
[BlackElo "1762"]
[PlyCount "81"]
[EventDate "2020.??.??"]

1. d4 d5 2. Nf3 Nf6 3. Bg5 e6 4. Nbd2 Bd7 5. e3 Be7 6. Bd3 O-O 7. a4 h6 8. Bxf6
Bxf6 9. c3 Be7 10. Ne5 c5 11. Qh5 c4 12. Bc2 Be8 13. Qh3 Nd7 14. O-O Nxe5 15.
dxe5 b5 16. axb5 Bxb5 17. Nf3 a5 18. Nd4 Bd7 19. f4 f5 20. g4 Qc8 21. Kh1 Kh7
22. g5 Rg8 23. Rg1 Qb7 24. Rg2 Bc5 25. Rag1 Bxd4 26. exd4 Qb5 27. Bd1 Rad8 28.
Rf2 Qb8 29. Rg3 Qa8 30. Qh4 a4 31. Rh3 a3 32. bxa3 Qxa3 33. gxh6 g6 34. Rg2 Qf8
35. Qg5 Qf7 36. Rb2 Rb8 37. Qg2 Rxb2 38. Qxb2 g5 39. Bh5 Qe7 40. Qb7 g4 41. Rh4
1/2-1/2